<?xml version="1.0" encoding="UTF-8"?><?xml-stylesheet type="text/xsl" href="static/style.xsl"?><OAI-PMH xmlns="http://www.openarchives.org/OAI/2.0/" xmlns:xsi="http://www.w3.org/2001/XMLSchema-instance" xsi:schemaLocation="http://www.openarchives.org/OAI/2.0/ http://www.openarchives.org/OAI/2.0/OAI-PMH.xsd"><responseDate>2026-06-05T19:23:14Z</responseDate><request verb="GetRecord" identifier="oai:riuma.uma.es:10630/10648" metadataPrefix="marc">https://riuma.uma.es/rest/oai/request</request><GetRecord><record><header><identifier>oai:riuma.uma.es:10630/10648</identifier><datestamp>2026-02-03T10:16:27Z</datestamp><setSpec>com_10630_1685</setSpec><setSpec>col_10630_38084</setSpec></header><metadata><record xmlns="http://www.loc.gov/MARC21/slim" xmlns:dcterms="http://purl.org/dc/terms/" xmlns:doc="http://www.lyncode.com/xoai" xmlns:xsi="http://www.w3.org/2001/XMLSchema-instance" xsi:schemaLocation="http://www.loc.gov/MARC21/slim http://www.loc.gov/standards/marcxml/schema/MARC21slim.xsd">
   <leader>00925njm 22002777a 4500</leader>
   <datafield ind2=" " ind1=" " tag="042">
      <subfield code="a">dc</subfield>
   </datafield>
   <datafield ind2=" " ind1=" " tag="720">
      <subfield code="a">Ruiz-Rico-Ruiz, José Manuel</subfield>
      <subfield code="e">author</subfield>
   </datafield>
   <datafield ind2=" " ind1=" " tag="720">
      <subfield code="a">Castaños-Castro, Paula</subfield>
      <subfield code="e">author</subfield>
   </datafield>
   <datafield ind2=" " ind1=" " tag="260">
      <subfield code="c">2015-11-06</subfield>
   </datafield>
   <datafield ind2=" " ind1=" " tag="520">
      <subfield code="a">Se expone como ha quedado encajado en el Derecho español y europeo el principio general de protección de los intereses de los menores, dentro de la regulación concreta de la filiación, por si puede servir de referencia para el Derecho peruano, en cuanto a interpretación de las normas vigentes, y por si se considerase conveniente acometer reformas legales futuras. &#xd;
Se pretende conocer con detenimiento si entre los distintos intereses en juego dentro de  cada uno de los conflictos que se plantean en la filiación, debe o no prevalecer el del prevalencia del interés de los hijos, en especial de los hijos menores, sobre cualquier  otro. &#xd;
Examen de la más reciente jurisprudencia española y europea sobre filiación, para conocer hasta qué punto se están adoptando soluciones que respondan a la tutela de los intereses de los menores.</subfield>
   </datafield>
   <datafield ind1="8" ind2=" " tag="024">
      <subfield code="a">http://hdl.handle.net/10630/10648</subfield>
   </datafield>
   <datafield tag="653" ind2=" " ind1=" ">
      <subfield code="a">Derecho de familia</subfield>
   </datafield>
   <datafield tag="653" ind2=" " ind1=" ">
      <subfield code="a">Niños -- Protección, asistencia, etc.</subfield>
   </datafield>
   <datafield ind2="0" ind1="0" tag="245">
      <subfield code="a">La protección de los menores en el ámbito de la filiación</subfield>
   </datafield>
</record>
</metadata></record></GetRecord></OAI-PMH>